| 000 | 00641nam a2200157Ia 4500 | ||
|---|---|---|---|
| 005 | 20250508154041.0 | ||
| 008 | 008 250505s9999 xx 000 0 eng d | ||
| 037 | _aBooks to be hide in OPAC | ||
| 040 |
_aFEDL _beng _cFEDL |
||
| 041 |
_aeng _2eng |
||
| 084 |
_a378, OSM/O _qFEDL |
||
| 245 | 0 | _aProceedings of the seminar on maladjustment of adolescent students to their academic and social surroundings held in the Osmania University, Hyderabad (DECCAN) from 9thto 17th April 1955, organised by the Indian national commission for cooperation with UN | |
| 300 | _a48p. | ||
| 942 |
_cHB _h378, OSM/O |
||
| 999 |
_c1347297 _d1347297 |
||